[Event "World Chess Olympiad 2018"]
[Site "Batumi"]
[Date "2018.09.30"]
[Round "6"]
[Board "3"]
[WhiteFideId "6700284"]
[White "Arias Lemnys A."]
[BlackFideId "2402564"]
[Black "Sreeves Clement"]
[Result "1-0"]
[LiveChessVersion "1.4.8"]
[BlackElo "2382"]
[WhiteElo "2294"]

1. d4 {[%clk 1:30:53]} Nf6 {[%clk 1:30:54]} 2. Nf3 {[%clk 1:31:13]} g6
{[%clk 1:31:16]} 3. Nbd2 {[%clk 1:30:31]} c5 {[%clk 1:28:02]} 4. dxc5
{[%clk 1:30:34]} Qa5 {[%clk 1:27:21]} 5. a3 {[%clk 1:29:27]} Qxc5
{[%clk 1:26:59]} 6. b4 {[%clk 1:29:34]} Qc7 {[%clk 1:27:04]} 7. Bb2
{[%clk 1:30:00]} Bg7 {[%clk 1:27:12]} 8. c4 {[%clk 1:27:21]} d6 {[%clk 1:25:42]}
9. e3 {[%clk 1:23:16]} O-O {[%clk 1:25:46]} 10. Be2 {[%clk 1:23:19]} b6
{[%clk 1:22:36]} 11. O-O {[%clk 1:21:21]} Bb7 {[%clk 1:22:44]} 12. Qb3
{[%clk 1:18:38]} Nbd7 {[%clk 1:22:23]} 13. Rac1 {[%clk 1:17:10]} Rac8
{[%clk 1:22:27]} 14. Rfd1 {[%clk 1:14:12]} Rfd8 {[%clk 1:18:21]} 15. Nd4
{[%clk 1:01:21]} a6 {[%clk 1:17:48]} 16. Qa2 {[%clk 0:53:04]} Qb8
{[%clk 1:13:17]} 17. Bf3 {[%clk 0:44:15]} Ne5 {[%clk 1:10:10]} 18. Bxb7
{[%clk 0:44:00]} Qxb7 {[%clk 1:10:34]} 19. N2f3 {[%clk 0:44:06]} b5
{[%clk 0:58:12]} 20. cxb5 {[%clk 0:39:34]} Nxf3+ {[%clk 0:57:40]} 21. Nxf3
{[%clk 0:39:29]} axb5 {[%clk 0:57:48]} 22. a4 {[%clk 0:35:23]} bxa4
{[%clk 0:55:52]} 23. Qxa4 {[%clk 0:35:41]} Nd5 {[%clk 0:42:29]} 24. Bxg7
{[%clk 0:35:43]} Kxg7 {[%clk 0:42:52]} 25. b5 {[%clk 0:35:36]} Kg8
{[%clk 0:41:39]} 26. Qb3 {[%clk 0:35:20]} e5 {[%clk 0:33:34]} 27. h3
{[%clk 0:32:34]} Rxc1 {[%clk 0:32:52]} 28. Rxc1 {[%clk 0:32:45]} Rb8
{[%clk 0:30:17]} 29. Ng5 {[%clk 0:27:03]} Kg7 {[%clk 0:25:54]} 30. Rd1
{[%clk 0:25:16]} Nf6 {[%clk 0:24:20]} 31. Rxd6 {[%clk 0:19:35]} Qe7
{[%clk 0:22:01]} 32. Rc6 {[%clk 0:18:00]} Ra8 {[%clk 0:17:40]} 33. Qc4
{[%clk 0:16:21]} Ne8 {[%clk 0:12:40]} 34. Nf3 {[%clk 0:16:32]} Ra1+
{[%clk 0:10:43]} 35. Kh2 {[%clk 0:16:51]} Rb1 {[%clk 0:10:48]} 36. b6
{[%clk 0:16:08]} Rb4 {[%clk 0:08:55]} 37. Qc3 {[%clk 0:16:01]} Nf6
{[%clk 0:08:21]} 38. Qxe5 {[%clk 0:10:41]} Qxe5+ {[%clk 0:08:29]} 39. Nxe5
{[%clk 0:41:05]} Nd5 {[%clk 0:38:45]} 40. Nd7 {[%clk 0:40:46]} f5
{[%clk 0:38:56]} 41. Rd6 {[%clk 0:40:02]} Ne7 {[%clk 0:37:37]} 42. Nc5
{[%clk 0:40:19]} Kf7 {[%clk 0:37:24]} 43. b7 {[%clk 0:39:56]} Ke8
{[%clk 0:37:47]} 44. Rd7 {[%clk 0:40:08]} Rb6 {[%clk 0:37:10]} 45. Rc7
{[%clk 0:40:26]} Kd8 {[%clk 0:37:12]} 46. Ne6+ {[%clk 0:40:50]} 1-0

[Event "World Chess Olympiad 2018"]
[Site "Batumi"]
[Date "2018.09.30"]
[Round "6"]
[Board "4"]
[WhiteFideId "2400049"]
[White "McKay Roderick M"]
[BlackFideId "6700187"]
[Black "Burgos Figueroa Carlos E."]
[Result "1-0"]
[LiveChessVersion "1.4.8"]
[BlackElo "2222"]
[WhiteElo "2301"]

1. d4 {[%clk 1:30:48]} c5 {[%clk 1:29:55]} 2. e3 {[%clk 1:31:01]} Nf6
{[%clk 1:29:31]} 3. Nf3 {[%clk 1:31:20]} b6 {[%clk 1:29:21]} 4. c4
{[%clk 1:30:29]} e6 {[%clk 1:28:41]} 5. Nc3 {[%clk 1:30:10]} Bb7 {[%clk 1:29:05]}
6. d5 {[%clk 1:29:05]} exd5 7. cxd5 {[%clk 1:29:24]} d6 {[%clk 1:29:54]} 8. e4
{[%clk 1:27:27]} Nbd7 {[%clk 1:30:11]} 9. Bf4 {[%clk 1:23:25]} a6
{[%clk 1:30:18]} 10. a4 {[%clk 1:21:49]} Be7 {[%clk 1:29:14]} 11. Nd2
{[%clk 1:20:46]} Nf8 {[%clk 1:10:52]} 12. Be2 {[%clk 1:18:17]} Ng6
{[%clk 1:11:09]} 13. Bg3 {[%clk 1:18:14]} O-O {[%clk 1:11:03]} 14. O-O
{[%clk 1:17:47]} Re8 {[%clk 1:11:27]} 15. f4 {[%clk 1:11:58]} Bf8
{[%clk 1:06:30]} 16. Bf3 {[%clk 1:06:23]} b5 {[%clk 0:48:45]} 17. axb5
{[%clk 1:02:16]} axb5 {[%clk 0:47:34]} 18. Rxa8 {[%clk 0:58:54]} Bxa8
{[%clk 0:47:19]} 19. Nxb5 {[%clk 0:56:39]} Qb6 {[%clk 0:47:32]} 20. Na3
{[%clk 0:48:57]} Qxb2 {[%clk 0:38:20]} 21. Nac4 {[%clk 0:40:31]} Qd4+
{[%clk 0:36:34]} 22. Bf2 {[%clk 0:31:51]} Qd3 {[%clk 0:36:33]} 23. f5
{[%clk 0:29:56]} Ne5 {[%clk 0:33:42]} 24. Nxe5 {[%clk 0:22:07]} Rxe5
{[%clk 0:34:01]} 25. Re1 {[%clk 0:22:04]} c4 {[%clk 0:25:39]} 26. Re3
{[%clk 0:21:25]} Qd4 {[%clk 0:25:18]} 27. Ra3 {[%clk 0:21:15]} Qb2
{[%clk 0:22:38]} 28. Nxc4 {[%clk 0:20:25]} Qb4 {[%clk 0:22:49]} 29. Ra4
{[%clk 0:20:41]} Qb8 {[%clk 0:18:56]} 30. Nxe5 {[%clk 0:19:46]} dxe5
{[%clk 0:19:24]} 31. Ra1 {[%clk 0:14:24]} Bb7 {[%clk 0:19:02]} 32. Qc2
{[%clk 0:12:31]} Bc8 {[%clk 0:19:24]} 33. Rb1 {[%clk 0:11:37]} Qa8
{[%clk 0:19:49]} 34. h3 {[%clk 0:11:26]} Bd7 {[%clk 0:20:13]} 35. Qc7
{[%clk 0:11:02]} Qa3 {[%clk 0:18:49]} 36. Qxe5 {[%clk 0:06:48]} h6
{[%clk 0:18:26]} 37. Qb2 {[%clk 0:05:53]} Qa5 {[%clk 0:16:46]} 38. Ra1
{[%clk 0:05:49]} Qd8 {[%clk 0:16:38]} 39. Qb6 {[%clk 0:01:17]} Qc8
{[%clk 0:16:55]} 40. e5 1-0

[Event "World Chess Olympiad 2018"]
[Site "Batumi"]
[Date "2018.09.30"]
[Round "6"]
[Board "1"]
[WhiteFideId "19800029"]
[White "Traore Bakary"]
[BlackFideId "3301478"]
[Black "Gemy Jose Daniel"]
[Result "0-1"]
[LiveChessVersion "1.4.8"]
[BlackElo "2400"]
[WhiteElo "2169"]

1. e4 {[%clk 1:30:57]} e5 {[%clk 1:30:52]} 2. Nf3 {[%clk 1:31:13]} Nc6
{[%clk 1:31:17]} 3. Bb5 {[%clk 1:31:30]} a6 {[%clk 1:31:13]} 4. Ba4
{[%clk 1:31:34]} Nf6 {[%clk 1:31:27]} 5. O-O {[%clk 1:30:22]} Be7
{[%clk 1:30:26]} 6. Re1 {[%clk 1:30:34]} b5 {[%clk 1:30:49]} 7. Bb3
{[%clk 1:30:54]} O-O {[%clk 1:31:10]} 8. c3 {[%clk 1:30:44]} d5 {[%clk 1:31:13]}
9. exd5 {[%clk 1:30:28]} Nxd5 {[%clk 1:31:36]} 10. Nxe5 {[%clk 1:30:23]} Nxe5
{[%clk 1:31:56]} 11. Rxe5 {[%clk 1:30:03]} Nf6 {[%clk 1:32:17]} 12. d4
{[%clk 1:27:54]} Bd6 {[%clk 1:28:09]} 13. Re2 {[%clk 1:22:38]} Bb7
{[%clk 0:56:28]} 14. Nd2 {[%clk 1:20:29]} Ng4 {[%clk 0:49:37]} 15. Nf1
{[%clk 1:20:02]} Qh4 {[%clk 0:48:07]} 16. h3 {[%clk 1:19:50]} Rae8
{[%clk 0:45:47]} 17. Be3 {[%clk 1:14:50]} Nxe3 {[%clk 0:34:42]} 18. Rxe3
{[%clk 1:13:04]} Rxe3 {[%clk 0:29:13]} 19. Nxe3 {[%clk 1:13:09]} Qf4
{[%clk 0:29:26]} 20. Nf1 {[%clk 1:12:29]} Re8 {[%clk 0:28:41]} 21. Bc2
{[%clk 1:09:42]} Qg5 {[%clk 0:25:54]} 22. f3 {[%clk 1:07:54]} h5 {[%clk 0:20:10]}
23. Qd3 {[%clk 1:05:37]} g6 {[%clk 0:20:33]} 24. Rd1 {[%clk 1:04:59]} Bc8
{[%clk 0:14:30]} 25. Kh1 {[%clk 1:01:32]} Bf5 {[%clk 0:14:34]} 26. Qd2
{[%clk 1:01:18]} Qxd2 {[%clk 0:13:13]} 27. Rxd2 {[%clk 0:58:52]} Bf4
{[%clk 0:11:54]} 28. Rf2 {[%clk 0:58:01]} Bxc2 {[%clk 0:12:19]} 29. Rxc2
{[%clk 0:57:58]} Re1 {[%clk 0:12:48]} 30. g3 {[%clk 0:58:27]} Rxf1+
{[%clk 0:13:07]} 31. Kg2 {[%clk 0:58:13]} Rc1 {[%clk 0:13:32]} 32. Re2
{[%clk 0:57:36]} Bd6 {[%clk 0:13:56]} 33. f4 {[%clk 0:57:48]} h4 {[%clk 0:14:18]}
34. gxh4 {[%clk 0:57:08]} Bxf4 {[%clk 0:14:35]} 35. Kf3 {[%clk 0:57:11]} Bd6
{[%clk 0:14:49]} 36. Ke4 {[%clk 0:57:21]} Rh1 {[%clk 0:13:55]} 37. Re3
{[%clk 0:57:30]} Rh2 {[%clk 0:14:11]} 38. b3 {[%clk 0:57:49]} Rxa2
{[%clk 0:13:01]} 39. c4 {[%clk 0:58:09]} bxc4 {[%clk 0:13:02]} 40. bxc4
{[%clk 1:28:23]} Ra3 {[%clk 0:43:23]} 41. Re2 {[%clk 1:28:05]} Rxh3
{[%clk 0:40:37]} 42. c5 {[%clk 1:28:27]} Rxh4+ {[%clk 0:40:53]} 43. Kd5
{[%clk 1:28:54]} Bh2 {[%clk 0:41:12]} 44. Kc6 {[%clk 1:29:02]} g5
{[%clk 0:35:17]} 45. d5 {[%clk 1:29:21]} Kg7 {[%clk 0:33:42]} 46. Rxh2
{[%clk 1:29:39]} Rxh2 {[%clk 0:34:00]} 47. Kxc7 {[%clk 1:30:08]} Rd2
{[%clk 0:33:59]} 48. d6 {[%clk 1:30:37]} g4 {[%clk 0:34:05]} 49. d7
{[%clk 1:31:05]} g3 {[%clk 0:34:23]} 50. d8=Q {[%clk 1:31:25]} Rxd8
{[%clk 0:34:45]} 51. Kxd8 {[%clk 1:31:29]} g2 {[%clk 0:35:09]} 0-1

[Event "World Chess Olympiad 2018"]
[Site "Batumi"]
[Date "2018.09.30"]
[Round "6"]
[Board "2"]
[WhiteFideId "3303187"]
[White "Aguilar Luis Miguel"]
[BlackFideId "19800193"]
[Black "Ndiaye Amadou"]
[Result "1-0"]
[LiveChessVersion "1.4.8"]
[BlackElo "2061"]
[WhiteElo "2203"]

1. g3 {[%clk 1:30:47]} d5 {[%clk 1:30:35]} 2. Bg2 {[%clk 1:31:10]} Nf6
{[%clk 1:31:03]} 3. c4 {[%clk 1:31:34]} e6 {[%clk 1:31:25]} 4. Nf3
{[%clk 1:31:49]} Be7 {[%clk 1:31:07]} 5. O-O {[%clk 1:31:52]} O-O
{[%clk 1:31:32]} 6. b3 {[%clk 1:29:55]} c5 {[%clk 1:30:00]} 7. Bb2
{[%clk 1:28:24]} Bd7 {[%clk 1:25:57]} 8. cxd5 {[%clk 1:27:05]} exd5
{[%clk 1:25:50]} 9. d4 {[%clk 1:27:16]} Nc6 {[%clk 1:24:14]} 10. Nc3
{[%clk 1:22:11]} cxd4 {[%clk 1:15:36]} 11. Nb5 {[%clk 1:17:42]} d3
{[%clk 1:13:03]} 12. exd3 {[%clk 1:17:32]} Bg4 {[%clk 1:07:14]} 13. h3
{[%clk 1:16:55]} Bh5 {[%clk 1:05:54]} 14. Nbd4 {[%clk 0:57:53]} Rc8
{[%clk 0:57:49]} 15. Nf5 {[%clk 0:56:16]} Bg6 {[%clk 0:56:36]} 16. N3h4
{[%clk 0:54:51]} Qd7 {[%clk 0:49:07]} 17. g4 {[%clk 0:49:13]} Ne8
{[%clk 0:43:24]} 18. Nxe7+ {[%clk 0:44:16]} Nxe7 {[%clk 0:40:11]} 19. Re1
{[%clk 0:40:40]} Nc7 {[%clk 0:38:39]} 20. Qd2 {[%clk 0:33:22]} Rfe8
{[%clk 0:36:32]} 21. Rac1 {[%clk 0:28:23]} Ne6 {[%clk 0:24:06]} 22. Rxc8
{[%clk 0:23:53]} Rxc8 {[%clk 0:24:28]} 23. f4 {[%clk 0:24:17]} f5
{[%clk 0:24:16]} 24. Qe3 {[%clk 0:21:01]} Rc6 {[%clk 0:22:28]} 25. Nf3
{[%clk 0:20:07]} Qc7 {[%clk 0:15:45]} 26. Nd4 {[%clk 0:17:21]} Nxd4
{[%clk 0:14:07]} 27. Qxd4 {[%clk 0:17:33]} Rf6 {[%clk 0:10:29]} 28. Bxd5+
{[%clk 0:11:05]} Bf7 {[%clk 0:04:55]} 29. Bxf7+ {[%clk 0:06:06]} Kxf7
{[%clk 0:02:42]} 30. g5 {[%clk 0:05:12]} Rg6 {[%clk 0:03:00]} 31. Ba3
{[%clk 0:04:15]} Re6 {[%clk 0:01:46]} 32. Rxe6 {[%clk 0:03:49]} Kxe6
{[%clk 0:01:54]} 33. Qxg7 {[%clk 0:03:24]} Nd5 {[%clk 0:01:11]} 34. Qg8+
{[%clk 0:01:47]} Qf7 {[%clk 0:01:20]} 35. Qb8 {[%clk 0:02:12]} Qc7
{[%clk 0:01:05]} 36. Qe8+ {[%clk 0:02:35]} Ne7 {[%clk 0:01:04]} 37. Qxe7+
{[%clk 0:02:56]} Qxe7 {[%clk 0:01:14]} 38. Bxe7 {[%clk 0:03:22]} Kxe7
{[%clk 0:01:39]} 39. h4 {[%clk 0:03:41]} b5 {[%clk 0:01:54]} 40. h5
{[%clk 0:33:45]} b4 {[%clk 0:32:08]} 41. Kf2 {[%clk 0:33:49]} Ke6
{[%clk 0:32:31]} 42. Ke3 {[%clk 0:34:10]} a6 {[%clk 0:32:47]} 43. Kd4
{[%clk 0:34:30]} a5 {[%clk 0:33:07]} 1-0

[Event "World Chess Olympiad 2018"]
[Site "Batumi"]
[Date "2018.09.30"]
[Round "6"]
[Board "3"]
[WhiteFideId "19800061"]
[White "Toure Amadou"]
[BlackFideId "3304094"]
[Black "Bolanos Fernando"]
[Result "0-1"]
[LiveChessVersion "1.4.8"]
[BlackElo "2215"]
[WhiteElo "1859"]

1. f4 {[%clk 1:30:36]} Nf6 {[%clk 1:29:28]} 2. Nf3 {[%clk 1:30:29]} g6
{[%clk 1:29:44]} 3. Nc3 {[%clk 1:29:33]} Bg7 {[%clk 1:29:59]} 4. e3
{[%clk 1:29:43]} b6 {[%clk 1:26:32]} 5. Be2 {[%clk 1:29:52]} Bb7 {[%clk 1:25:45]}
6. O-O {[%clk 1:29:27]} O-O {[%clk 1:26:07]} 7. Qe1 {[%clk 1:26:06]} c5
{[%clk 1:23:28]} 8. d3 {[%clk 1:23:58]} d5 {[%clk 1:23:42]} 9. Nd1
{[%clk 1:19:55]} Nc6 {[%clk 1:21:50]} 10. c3 {[%clk 1:19:06]} d4 {[%clk 1:21:03]}
11. e4 {[%clk 1:17:17]} dxc3 {[%clk 1:18:58]} 12. bxc3 {[%clk 1:15:56]} c4
{[%clk 1:18:44]} 13. d4 {[%clk 1:13:02]} Nxe4 {[%clk 1:15:11]} 14. Ne5
{[%clk 1:08:05]} Nxd4 {[%clk 1:13:56]} 15. Rb1 {[%clk 1:02:27]} Nxe2+
{[%clk 1:10:55]} 16. Qxe2 {[%clk 1:02:29]} Rc8 {[%clk 1:08:15]} 17. Qb2
{[%clk 0:57:21]} Nc5 {[%clk 1:04:47]} 18. Nf2 {[%clk 0:54:14]} Bxe5
{[%clk 1:03:50]} 19. fxe5 {[%clk 0:53:32]} Qd5 {[%clk 1:01:49]} 20. Ng4
{[%clk 0:49:32]} Na4 {[%clk 1:01:34]} 21. Qf2 {[%clk 0:44:43]} Nxc3
{[%clk 1:01:26]} 22. Ra1 {[%clk 0:41:15]} Qe4 {[%clk 0:52:26]} 23. Nh6+
{[%clk 0:33:15]} Kg7 {[%clk 0:51:18]} 24. Bg5 {[%clk 0:30:46]} f6
{[%clk 0:30:08]} 25. exf6+ {[%clk 0:29:29]} exf6 {[%clk 0:30:14]} 26. Bd2
{[%clk 0:28:22]} Ne2+ {[%clk 0:25:44]} 27. Kh1 {[%clk 0:28:43]} c3
{[%clk 0:25:20]} 28. Be3 {[%clk 0:25:55]} Rce8 {[%clk 0:24:58]} 29. Rad1
{[%clk 0:18:51]} Qxg2+ {[%clk 0:22:50]} 30. Qxg2 {[%clk 0:19:07]} Bxg2+
{[%clk 0:23:15]} 31. Kxg2 {[%clk 0:18:38]} Rxe3 {[%clk 0:23:41]} 32. Ng4
{[%clk 0:15:41]} Re7 {[%clk 0:23:23]} 33. Rfe1 {[%clk 0:08:04]} c2
{[%clk 0:23:31]} 34. Rc1 {[%clk 0:08:25]} Nf4+ {[%clk 0:23:54]} 35. Kf3
{[%clk 0:03:07]} Rxe1 {[%clk 0:24:05]} 36. Rxc2 {[%clk 0:00:40]} g5
{[%clk 0:22:32]} 0-1

[Event "World Chess Olympiad 2018"]
[Site "Batumi"]
[Date "2018.09.30"]
[Round "6"]
[Board "4"]
[WhiteFideId "3302105"]
[White "Rozo Paulo"]
[BlackFideId "19800290"]
[Black "Diallo Djibril"]
[Result "1-0"]
[LiveChessVersion "1.4.8"]
[BlackElo "1648"]
[WhiteElo "2157"]

1. e4 e6 2. d4 d5 3. Nc3 dxe4 4. Nxe4 Qd5 5. Bd3 Be7 6. Nf3 Nf6 7. Qe2 O-O 8. O-O
Nc6 9. Rd1 Nb4 10. c4 Qd8 11. Bb1 b6 12. Nxf6+ Bxf6 13. Qe4 g6 14. Qxa8 c5 15.
Bf4 cxd4 16. Qe4 d3 17. Bxd3 Qe7 18. a3 Bb7 19. Qe2 Nxd3 20. Qxd3 Bxb2 21. Rab1
Bg7 22. Qd7 Qxd7 23. Rxd7 Bxf3 24. gxf3 Rc8 25. Rxa7 Rxc4 26. Ra8+ Bf8 27. Bh6
1-0

[Event "World Chess Olympiad 2018"]
[Site "Batumi"]
[Date "2018.09.30"]
[Round "6"]
[Board "1"]
[WhiteFideId "8400709"]
[White "Gavarrete Nahun"]
[BlackFideId "5600618"]
[Black "Zerafa Robert"]
[Result "1-0"]
[LiveChessVersion "1.4.8"]
[BlackElo "2085"]
[WhiteElo "2249"]

1. Nf3 {[%clk 1:30:43]} c5 {[%clk 1:26:07]} 2. g3 {[%clk 1:30:49]} Nc6
{[%clk 1:26:33]} 3. Bg2 {[%clk 1:31:12]} g6 {[%clk 1:26:30]} 4. O-O
{[%clk 1:31:20]} Bg7 {[%clk 1:24:37]} 5. c4 {[%clk 1:31:39]} e6 {[%clk 1:23:45]}
6. Nc3 {[%clk 1:31:42]} Nge7 {[%clk 1:23:20]} 7. d4 {[%clk 1:21:38]} Nxd4
{[%clk 1:13:43]} 8. Nxd4 {[%clk 1:20:13]} cxd4 {[%clk 1:13:16]} 9. Nb5
{[%clk 1:20:04]} Qb6 {[%clk 1:04:31]} 10. e3 {[%clk 1:19:21]} Nf5
{[%clk 1:03:00]} 11. a4 {[%clk 1:12:12]} a6 {[%clk 0:59:12]} 12. a5
{[%clk 1:10:29]} Qc5 {[%clk 0:56:07]} 13. Nxd4 {[%clk 1:10:52]} Qxc4
{[%clk 0:43:42]} 14. Ra4 {[%clk 1:08:24]} Qc7 {[%clk 0:37:55]} 15. Nxf5
{[%clk 1:08:45]} gxf5 {[%clk 0:37:23]} 16. g4 {[%clk 1:07:54]} fxg4
{[%clk 0:33:19]} 17. Rxg4 {[%clk 1:06:03]} Be5 {[%clk 0:31:15]} 18. f4
{[%clk 1:04:40]} Bf6 {[%clk 0:29:06]} 19. f5 {[%clk 0:51:46]} h5 {[%clk 0:27:22]}
20. Rgf4 {[%clk 0:51:08]} e5 {[%clk 0:25:42]} 21. Rb4 {[%clk 0:47:28]} Qxa5
{[%clk 0:23:54]} 22. Bd2 {[%clk 0:47:48]} Qc5 {[%clk 0:22:41]} 23. Rb3
{[%clk 0:45:18]} a5 {[%clk 0:21:19]} 24. Rc3 {[%clk 0:45:35]} Qb5
{[%clk 0:20:37]} 25. Qc2 {[%clk 0:41:41]} Ke7 {[%clk 0:19:24]} 26. Rc5
{[%clk 0:35:58]} Qb6 {[%clk 0:19:29]} 27. Rc1 {[%clk 0:34:52]} h4
{[%clk 0:15:45]} 28. Kh1 {[%clk 0:30:37]} h3 {[%clk 0:13:50]} 29. Bf3
{[%clk 0:29:14]} Rg8 {[%clk 0:12:59]} 30. b3 {[%clk 0:24:11]} Bh8
{[%clk 0:09:47]} 31. Be1 {[%clk 0:14:27]} Qh6 {[%clk 0:09:52]} 32. Qe4
{[%clk 0:14:06]} Re8 {[%clk 0:05:37]} 33. Bxa5 {[%clk 0:10:22]} b6
{[%clk 0:04:44]} 34. Bxb6 {[%clk 0:09:25]} Qxb6 {[%clk 0:02:18]} 35. Qxa8
{[%clk 0:09:47]} Ba6 {[%clk 0:02:16]} 36. Qd5 {[%clk 0:07:52]} Rb8
{[%clk 0:02:15]} 37. Rc7 {[%clk 0:06:55]} Bb5 {[%clk 0:02:11]} 38. Bh5
{[%clk 0:04:19]} Qxe3 {[%clk 0:00:59]} 39. Rd1 {[%clk 0:02:35]} Rf8
{[%clk 0:00:36]} 40. Rxd7+ {[%clk 0:31:38]} Kf6 {[%clk 0:30:32]} 41. Rxf7+
{[%clk 0:30:28]} Kg5 {[%clk 0:27:55]} 42. Rxf8 {[%clk 0:29:48]} 1-0

[Event "World Chess Olympiad 2018"]
[Site "Batumi"]
[Date "2018.09.30"]
[Round "6"]
[Board "2"]
[WhiteFideId "5600189"]
[White "Pace Colin"]
[BlackFideId "8400555"]
[Black "Miller Marlon"]
[Result "1/2-1/2"]
[LiveChessVersion "1.4.8"]
[BlackElo "2028"]
[WhiteElo "2132"]

1. e4 {[%clk 1:30:58]} e6 {[%clk 1:30:25]} 2. d4 {[%clk 1:31:18]} d5
{[%clk 1:30:51]} 3. Nd2 {[%clk 1:31:39]} Nf6 {[%clk 1:30:04]} 4. e5
{[%clk 1:31:59]} Nfd7 {[%clk 1:30:29]} 5. Bd3 {[%clk 1:32:22]} c5
{[%clk 1:30:36]} 6. c3 {[%clk 1:32:45]} b6 {[%clk 1:30:16]} 7. Ne2
{[%clk 1:32:26]} Ba6 {[%clk 1:30:40]} 8. Bxa6 {[%clk 1:32:35]} Nxa6
{[%clk 1:31:04]} 9. O-O {[%clk 1:32:22]} Be7 {[%clk 1:28:06]} 10. f4
{[%clk 1:31:50]} Nc7 {[%clk 1:20:27]} 11. Nf3 {[%clk 1:26:51]} b5
{[%clk 1:18:55]} 12. g4 {[%clk 1:22:50]} b4 {[%clk 1:16:03]} 13. f5
{[%clk 1:16:13]} bxc3 {[%clk 1:09:03]} 14. bxc3 {[%clk 1:16:01]} O-O
{[%clk 1:04:06]} 15. Nf4 {[%clk 1:08:13]} Nb6 {[%clk 1:00:55]} 16. Nh5
{[%clk 0:52:04]} f6 {[%clk 0:55:29]} 17. exf6 {[%clk 0:48:21]} Bxf6
{[%clk 0:54:55]} 18. Nxf6+ {[%clk 0:43:42]} Qxf6 {[%clk 0:54:52]} 19. Bg5
{[%clk 0:42:06]} Qf7 {[%clk 0:55:10]} 20. Ne5 {[%clk 0:37:41]} Qe8
{[%clk 0:55:35]} 21. f6 {[%clk 0:33:27]} gxf6 {[%clk 0:51:58]} 22. Bxf6
{[%clk 0:33:37]} Nd7 {[%clk 0:51:56]} 23. Nxd7 {[%clk 0:32:18]} Qxd7
{[%clk 0:52:20]} 24. Qd2 {[%clk 0:30:59]} Qe8 {[%clk 0:49:29]} 25. Be5
{[%clk 0:25:33]} Qe7 {[%clk 0:48:54]} 26. Qh6 {[%clk 0:22:18]} Nb5
{[%clk 0:46:15]} 27. g5 {[%clk 0:14:56]} Nxc3 {[%clk 0:14:58]} 28. g6
{[%clk 0:11:30]} Ne4 {[%clk 0:15:09]} 29. gxh7+ {[%clk 0:09:09]} Qxh7
{[%clk 0:15:34]} 30. Qxe6+ {[%clk 0:09:06]} Rf7 {[%clk 0:15:55]} 31. Kh1
{[%clk 0:05:12]} Kf8 {[%clk 0:15:35]} 32. Bd6+ {[%clk 0:04:31]} Nxd6
{[%clk 0:15:35]} 33. Qxd6+ {[%clk 0:05:00]} Kg8 {[%clk 0:15:19]} 34. Qxd5
{[%clk 0:04:00]} Re8 {[%clk 0:11:04]} 35. Rxf7 {[%clk 0:01:59]} Qxf7
{[%clk 0:11:28]} 36. Rg1+ {[%clk 0:02:16]} Kf8 {[%clk 0:11:50]} 37. Qxc5+
{[%clk 0:01:48]} Re7 {[%clk 0:12:13]} 38. Qc8+ {[%clk 0:01:22]} Re8
{[%clk 0:12:39]} 39. Qc5+ {[%clk 0:00:47]} Re7 {[%clk 0:13:03]} 40. Qc8+
{[%clk 0:30:45]} Re8 {[%clk 0:43:28]} 41. Qc6 {[%clk 0:26:25]} Re6
{[%clk 0:40:43]} 42. Qa8+ {[%clk 0:25:27]} Re8 {[%clk 0:41:07]} 43. Qg2
{[%clk 0:24:45]} Re6 {[%clk 0:41:14]} 44. Rf1 {[%clk 0:20:00]} Rf6
{[%clk 0:41:39]} 45. Qa8+ {[%clk 0:16:45]} Kg7 {[%clk 0:38:28]} 46. Rg1+
{[%clk 0:16:55]} Rg6 {[%clk 0:38:38]} 47. Rxg6+ {[%clk 0:17:04]} Kxg6
{[%clk 0:39:03]} 48. Qg2+ {[%clk 0:16:39]} Kh5 {[%clk 0:38:49]} 49. Qe2+
{[%clk 0:15:32]} Kh4 {[%clk 0:38:46]} 50. Qe1+ {[%clk 0:15:27]} Kg5
{[%clk 0:38:18]} 51. Qd2+ {[%clk 0:15:00]} Kh4 {[%clk 0:36:50]} 52. Qe1+
{[%clk 0:14:36]} Kg5 {[%clk 0:37:13]} 53. Qg3+ {[%clk 0:12:07]} Kh6
{[%clk 0:35:20]} 54. Qh3+ {[%clk 0:11:49]} Kg5 {[%clk 0:35:36]} 55. Qg2+
{[%clk 0:12:12]} Kh5 {[%clk 0:35:30]} 56. d5 {[%clk 0:12:28]} Qf6
{[%clk 0:34:01]} 57. Qe2+ {[%clk 0:11:57]} Kh4 {[%clk 0:34:08]} 58. Qe1+
{[%clk 0:11:02]} Kg5 {[%clk 0:33:34]} 59. Qg3+ {[%clk 0:09:54]} Kh5
{[%clk 0:33:54]} 60. Qh3+ {[%clk 0:09:48]} Kg5 {[%clk 0:34:12]} 61. Qe3+
{[%clk 0:09:53]} Kh5 {[%clk 0:33:50]} 62. Qe2+ {[%clk 0:09:31]} Kh4
{[%clk 0:33:38]} 63. Qc4+ {[%clk 0:09:19]} Kg5 {[%clk 0:30:41]} 64. Qc1+
{[%clk 0:08:13]} Kh4 {[%clk 0:31:00]} 65. Qd1 {[%clk 0:08:15]} Qe5
{[%clk 0:30:57]} 66. Qd2 {[%clk 0:07:47]} Qe4+ {[%clk 0:31:13]} 67. Kg1
{[%clk 0:08:06]} Qg4+ {[%clk 0:29:38]} 68. Kf1 {[%clk 0:08:11]} Qc4+
{[%clk 0:29:46]} 69. Kf2 {[%clk 0:07:45]} Qc5+ {[%clk 0:26:56]} 70. Ke2
{[%clk 0:07:39]} Qc4+ {[%clk 0:26:10]} 71. Kd1 {[%clk 0:07:43]} Qa4+
{[%clk 0:26:25]} 72. Kc1 {[%clk 0:07:53]} Qc4+ {[%clk 0:26:45]} 73. Kb2
{[%clk 0:08:02]} Qb5+ {[%clk 0:26:59]} 74. Ka3 {[%clk 0:08:11]} Kh5
{[%clk 0:24:48]} 75. d6 {[%clk 0:07:21]} Qc5+ {[%clk 0:24:45]} 76. Qb4
{[%clk 0:06:37]} Qc1+ {[%clk 0:24:47]} 77. Ka4 {[%clk 0:06:49]} Qc2+
{[%clk 0:24:12]} 78. Qb3 {[%clk 0:06:31]} Qxh2 {[%clk 0:22:05]} 79. Qd5+
{[%clk 0:06:39]} Kg6 {[%clk 0:22:29]} 80. Qe6+ {[%clk 0:06:01]} Kg7
{[%clk 0:22:41]} 81. d7 {[%clk 0:05:21]} Qh4+ {[%clk 0:23:02]} 82. Kb5
{[%clk 0:05:33]} Qd8 {[%clk 0:22:51]} 83. a4 {[%clk 0:04:51]} a5 {[%clk 0:17:44]}
84. Qe8 {[%clk 0:04:22]} Qg5+ {[%clk 0:18:06]} 85. Ka6 {[%clk 0:03:47]} Qf6+
{[%clk 0:18:26]} 86. Kxa5 {[%clk 0:03:15]} Qc3+ {[%clk 0:18:45]} 87. Kb5
{[%clk 0:03:25]} Qb3+ {[%clk 0:19:01]} 88. Kc5 {[%clk 0:03:14]} Qc3+
{[%clk 0:18:50]} 89. Kd6 {[%clk 0:01:38]} Qd4+ {[%clk 0:19:09]} 90. Kc7
{[%clk 0:01:05]} Qc5+ {[%clk 0:19:33]} 91. Kb7 {[%clk 0:01:15]} Qd5+
{[%clk 0:17:58]} 92. Kb6 {[%clk 0:01:25]} Qd6+ {[%clk 0:18:19]} 93. Kb5
{[%clk 0:00:55]} Qd5+ {[%clk 0:18:39]} 94. Kb6 {[%clk 0:01:09]} Qd6+
{[%clk 0:17:28]} 95. Kb7 {[%clk 0:01:12]} Qd5+ {[%clk 0:17:50]} 96. Kc7
{[%clk 0:01:28]} Qc5+ {[%clk 0:18:11]} 97. Kd8 {[%clk 0:01:39]} Qa5+
{[%clk 0:18:34]} 98. Kc8 {[%clk 0:01:32]} Qc5+ {[%clk 0:17:54]} 99. Kd8
{[%clk 0:01:32]} Qa5+ 1/2-1/2